| 000 | 01057cam a22003011 4500 | ||
|---|---|---|---|
| 001 | 1375 | ||
| 005 | 20230822155445.0 | ||
| 008 | 751204s1958 ilua j 000 1 eng | ||
| 020 | _a9780807553916 | ||
| 040 |
_aDLC _cWa _dDLC _dOCoLC _dDLC _beng |
||
| 050 | 0 | 0 |
_aPZ7.W244 _bMy |
| 082 | _aFic | ||
| 100 | 1 |
_aWarner, Gertrude Chandler, _d1890-1979. |
|
| 245 | 1 | 0 |
_aMystery ranch. _cIllustrated by Dirk Gringhuis. |
| 260 |
_aChicago, _bA. Whitman _c1958 |
||
| 300 |
_a127 pages : _billustrations; _c20 cm. |
||
| 490 |
_aThe boxcar children _vBook 4 |
||
| 505 | _aO | ||
| 520 | _aViolet and Jessie begin an adventure when they journey to Centerville to keep Aunt Jane company on the family ranch. | ||
| 521 |
_a600
_bLexile |
||
| 521 |
_aO
_bRaz-Plus |
||
| 650 | 0 |
_aBoxcar children (Fictitious characters) _vJuvenile fiction. |
|
| 650 | 0 |
_aOrphans _vJuvenile fiction. |
|
| 650 | 0 |
_aFamilies _vJuvenile fiction. |
|
| 655 | 7 |
_aDetective and mystery stories. _2gsafd |
|
| 906 |
_a7 _bcbc _corignew _du _eocip _f19 _gy-gencatlg |
||
| 942 |
_2ddc _cBK _n0 |
||
| 999 |
_c1375 _d1375 |
||